The Subway Sandwiches with under 6g fat? Quiz Stats

 Plays Quiz not verified by Sporcle

Score 0/8 Timer 05:00
0 Plays Today
Sandwich % Correct
Turkey Breast
97.1%
Ham
91.2%
Veggie Delite
91.2%
Oven Roasted Chicken
88.2%
Roast Beef
79.4%
Subway Club
61.8%
Sweet Onion Chicken Teriyaki
52.9%
Turkey Breast and Ham
47.1%

You're not logged in!

Compare scores with friends on all Sporcle quizzes.
OR
Log In

Show Comments

Extras

Created Nov 27, 2010ReportNominate
Tags:fat, gram, sandwich, subway, under

Top Quizzes Today


Score Distribution

Your Account Isn't Verified!

In order to create a playlist on Sporcle, you need to verify the email address you used during registration. Go to your Sporcle Settings to finish the process.

Report this User

Report this user for behavior that violates our Community Guidelines.

Details: